[Event "Wasa op U20 1600+"]
[Site "Wasa"]
[Date "2020.09.27"]
[Round "4"]
[White "Rosenthal, Emanuel"]
[Black "Isaksson, Max"]
[Result "1-0"]
[WhiteElo "1731"]
[BlackElo "1817"]
[PlyCount "116"]
[EventDate "2020.09.11"]
[EventType "swiss"]
[EventRounds "5"]
[EventCountry "SWE"]
[SourceTitle "EXT 2023"]
[Source "ChessBase"]
[SourceDate "2022.10.05"]
[SourceVersion "1"]
[SourceVersionDate "2022.10.05"]
[SourceQuality "1"]
[WhiteTeam "Sweden"]
[BlackTeam "Sweden"]
[WhiteTeamCountry "SWE"]
[BlackTeamCountry "SWE"]

1. e4 e5 2. Nf3 Nc6 3. Bc4 Bc5 4. c3 Nf6 5. b4 Bb6 6. d3 d6 7. 0-0 Bg4 8. Nbd2 0-0 9. Bb3 d5 10. h3 Bxf3 11. Qxf3 d4 12. b5 dxc3 13. bxc6 cxd2 14. Bxd2 bxc6 15. Rac1 Qd6 16. Ba4 Qa3 17. Bxc6 Rad8 18. Bc3 Bd4 19. Bxd4 Rxd4 20. Bb5 Qe7 21. Rc2 c5 22. Rfc1 Rc8 23. Qf5 Rc7 24. f4 g6 25. Qxe5 Qxe5 26. fxe5 Nd7 27. Bxd7 Rcxd7 28. Rxc5 Rxd3 29. Ra5 Re3 30. Rc8+ Kg7 31. Kf2 Rxe4 32. Ra8 Re7 33. R8xa7 Rxa7 34. Rxa7 Rxe5 35. a4 Re8 36. a5 h6 37. a6 Kf6 38. Rb7 Ra8 39. a7 Ke6 40. Ke3 f5 41. Kd4 Kd6 42. Rb6+ Kc7 43. Rxg6 Kb7 44. Rg7+ Kb6 45. Ke5 Rf8 46. g3 Ka6 47. h4 Kb6 48. h5 Ka6 49. Rh7 Kb6 50. Rxh6+ Kxa7 51. Rf6 Rg8 52. Kf4 Rg4+ 53. Kxf5 Rxg3 54. h6 Rh3 55. Kg6 Kb8 56. h7 Rg3+ 57. Kf7 Rh3 58. Kg7 Rg3+ 1-0

[Event "Wasa op U20 1600+"]
[Site "Wasa"]
[Date "2020.09.26"]
[Round "2"]
[White "Rosenthal, Emanuel"]
[Black "Fridman, Arvid"]
[Result "1-0"]
[WhiteElo "1731"]
[BlackElo "1777"]
[PlyCount "106"]
[EventDate "2020.09.11"]
[EventType "swiss"]
[EventRounds "5"]
[EventCountry "SWE"]
[SourceTitle "EXT 2023"]
[Source "ChessBase"]
[SourceDate "2022.10.05"]
[SourceVersion "1"]
[SourceVersionDate "2022.10.05"]
[SourceQuality "1"]
[WhiteTeam "Sweden"]
[BlackTeam "Sweden"]
[WhiteTeamCountry "SWE"]
[BlackTeamCountry "SWE"]

1. e4 e5 2. Nf3 Nf6 3. Nxe5 d6 4. Nf3 Nxe4 5. d4 d5 6. Bd3 Bg4 7. h3 Bh5 8. Bf4 Bd6 9. Bxd6 Qxd6 10. 0-0 0-0 11. Re1 Qb4 12. Nbd2 f5 13. Nb3 Nd7 14. c3 Qb6 15. Bf1 Rae8 16. Qd3 Re7 17. Nfd2 Qf6 18. f3 Nxd2 19. Qxd2 Rfe8 20. Rxe7 Qxe7 21. Kf2 Qh4+ 22. g3 Qf6 23. Re1 Rxe1 24. Qxe1 b6 25. Qe3 Qd6 26. Nd2 Nf8 27. Qe5 Qxe5 28. dxe5 Nd7 29. f4 Nc5 30. Bb5 Kf7 31. Ke3 Ke7 32. Bc6 Bf7 33. Kd4 Ne6+ 34. Ke3 Nd8 35. Bb5 c6 36. Bd3 Bg6 37. Nf3 c5 38. Nh4 Ke6 39. g4 Ke7 40. Bxf5 Kf7 41. Bxg6+ hxg6 42. f5 gxf5 43. gxf5 Nc6 44. Kf4 d4 45. cxd4 Nxd4 46. Ke4 Ne2 47. Nf3 Nc1 48. a3 Ke7 49. Nd2 Ne2 50. Nc4 Ng1 51. h4 Nh3 52. Nd6 Nf2+ 53. Kd5 Kd8 1-0